Erfolgreichste Filme der 2020er - Statistiken

Allgemein
  • Dieses Quiz wurde 462 mal gespielt
    14 seit der letzten Aktualisierung
  • Das Durchschnittsergebnis liegt bei 11 aus 20
Antwortstatistiken
Zuschauer Beschreibung Film % Korrekt
5.394.210 Blaue Aliens müssen sich nicht nur Menschen, sondern auch einem Feuerstamm stellen Avatar: Fire and Ash
100%
10.203.912 Blaue Aliens müssen sich erneut gegen menschliche Invasoren verteidigen Avatar: The Way of Water
100%
5.068.553 Ein "Indianer" und sein Blutsbruder suchen nach einem magischen Boot Das Kanu des Manitu
82%
3.485.706 Fantasy-Abenteuer in einer blockförmigen Welt mit Lava-Hühnchen und vielen humoristischen One-Linern Ein Minecraft Film
73%
6.024.987 Agent kehrt ein letztes Mal aus dem Ruhestand zurück, um gegen einen mysteriösen Gegner anzutreten Keine Zeit zu sterben
73%
4.232.093 Introvertierter Physiker entwickelt die gefährlichste Waffe der Welt Oppenheimer
73%
5.829.804 Die Gefühle eines Mädchens finden sich mit chaotischen Pubertäts-Gefühlen konfrontiert Alles steht Kopf 2
64%
3.147.679 In der Wüste wird mithilfe riesiger Würmer ein Heiliger Krieg entfacht. Dune – Part Two
64%
4.340.343 Ehemaliger Superschurke muss mit seinen gelben Handlangern sein Baby vor einem alten Rivalen retten Ich - Einfach unverbesserlich 4
64%
4.176.686 Junge kämpft mit seinen gelben Handlangern gegen eine Gruppe Superschurken Minions – Auf der Suche nach dem Mini-Boss
64%
4.642.898 Drei Superhelden gleicher Identität kämpfen gegen viele Schurken Spider-Man: No Way Home
55%
3.750.008 Talentierter aber rücksichtsloser Pilot bildet ein Team für einen Angriff auf einen Schurkenstaat aus Top Gun: Maverick
55%
3.301.682 Kleines Mädchen + Blaues Alien = Ganz viel Chaos Lilo & Stitch
45%
4.587.971 Die Polizei einer Metropole ist auf der Suche nach einer angeblich gefährlichen Schlange Zoomania 2
45%
3.059.985 Besonderer Tiere und Schüler versuchen mit einem Lied, die Rodung eines Walds zu verhindern Die Schule der magischen Tiere 3
36%
4.774.094 Eine junge Frau und ein Halbgott reisen durch die Südsee, um eine versunkene Insel zu finden Vaiana 2
36%
6.018.214 Zwei Puppen lernen die Sonnen- und Schattenseiten der realen Welt kennen Barbie
27%
3.266.010 Zwei unsterbliche Superhelden müssen die Welt vor der bösen Zwillingsschwester eines Telepathen retten Deadpool & Wolverine
27%
5.320.736 Zwei Klempner müssen eine Parallelwelt vor einer bösen Schildkröte retten Der Super Mario Bros. Film
27%
3.009.507 Magizoologe kämpft mit einem Team gegen den mächtigsten dunklen Magier der Welt Phantastische Tierwesen: Dumbledores Geheimnisse
27%
Keine übereinstimmenden Quizze gefunden
Verteilung der Resultate
Anzahl Personen mit jedem Resultat
Perzentil nach korrekt beantworteten Fragen
Ihre Resultats-Entwicklung
Sie haben dieses Quiz seit der letzten Aktualisierung nicht gespielt